Foresight sagas (Record no. 71051)

MARC details
000 -LEADER
fixed length control field 01354cam a2200229 4500
001 - CONTROL NUMBER
control field ABS65788
008 - FIXED-LENGTH DATA ELEMENTS--GENERAL INFORMATION
fixed length control field 020830n2002 000 0 eng u
035 ## - SYSTEM CONTROL NUMBER
System control number (Sirsi) u119509
100 ## - MAIN ENTRY--PERSONAL NAME
Personal name Bessey, J.
245 ## - TITLE STATEMENT
Title Foresight sagas
260 ## - PUBLICATION, DISTRIBUTION, ETC.
Date of publication, distribution, etc. 2002
490 ## - SERIES STATEMENT
Series statement Building
Volume/sequential designation 267(8244) 26 July 2002, 50(1)
520 ## - SUMMARY, ETC.
Summary, etc. Discusses the recent decision in the Technology & Construction Court in the case of JT Mackley & Company Limited v Gosport Marina Limited. Here a notice of arbitration was declared invalid because the party serving it had not used a procedure under the contract that required a notice of dispute to be served first on the engineer. Concludes that it is often not always simple to challenge an adjudication decision through arbitration and the need for good decision making by adjudicators in the first instance it is important to avoid the need to arbitrate.
590 ## - LOCAL NOTE (RLIN)
Local note ABS
650 ## - SUBJECT ADDED ENTRY--TOPICAL TERM
Topical term or geographic name entry element MANAGEMENT-DISPUTE AVOIDANCE, MANAGEMENT AND RESOLUTION-DISPUTE MANAGEMENT AND RESOLUTION-ALTERNATIVE DISPUTE RESOLUTION-ADJUDICATION
650 ## - SUBJECT ADDED ENTRY--TOPICAL TERM
Topical term or geographic name entry element MANAGEMENT-DISPUTE AVOIDANCE, MANAGEMENT AND RESOLUTION-DISPUTE MANAGEMENT AND RESOLUTION-ARBITRATION
650 ## - SUBJECT ADDED ENTRY--TOPICAL TERM
Topical term or geographic name entry element J T MACKLEY AND CO LTD V GOSPORT MARINA LTD
650 ## - SUBJECT ADDED ENTRY--TOPICAL TERM
Topical term or geographic name entry element ICE CONDITIONS
650 ## - SUBJECT ADDED ENTRY--TOPICAL TERM
Topical term or geographic name entry element NOTICE OF DISPUTE
690 ## - LOCAL SUBJECT ADDED ENTRY--TOPICAL TERM (OCLC, RLIN)
Topical term or geographic name as entry element BUILDING AND CONSTRUCTION-CASE LAW
942 ## - ADDED ENTRY ELEMENTS (KOHA)
Suppress in OPAC 0
Holdings
Withdrawn status Lost status Source of classification or shelving scheme Damaged status Not for loan Home library Current library Shelving location Date acquired Total Checkouts Full call number Barcode Date last seen Copy number Price effective from Koha item type
    Dewey Decimal Classification     London London Journal article 30/08/2002   ABS65788 119509-1001 06/08/2019 1 06/08/2019 Journal article